[Event "11th Aeroflot Open B"]
[Site "Moscow RUS"]
[Date "2012.02.13"]
[Round "7"]
[White "Sivuk,V"]
[Black "Wei Yi"]
[Result "0-1"]
[WhiteElo "2459"]
[BlackElo "2331"]

1.Nf3 Nf6 2.g3 d5 3.Bg2 e6 4.O-O Be7 5.d4 O-O 6.c4 dxc4 7.Ne5 Nc6 8.Bxc6 bxc6
9.Nxc6 Qe8 10.Nxe7+ Qxe7 11.Qa4 e5 12.dxe5 Qxe5 13.Nc3 Qe6 14.f3 Qb6+ 15.Kg2 Be6
16.Rd1 Rad8 17.Bg5 Qxb2 18.Bxf6 gxf6 19.Qa5 Rd3 20.Rac1 Rfd8 21.Re1 Re3 22.Qb5 Rxe2+
23.Rxe2 Qxc1 24.Ne4 Kg7 25.Qc5 Qd1 26.Rf2 Qd4 27.Qxc7 Qd7 28.Qxd7 Rxd7 29.Rc2 f5
30.Nc5 Rc7 31.Na4 Kf6 32.Kf2 Rd7 33.Nc5 Rc7 34.Na4 Rc6 35.Ke3 Ra6 36.Nc3 Rb6
37.f4 h5 38.Rd2 Rb8 39.h4 Rg8 40.Kf2 Rb8 41.Ke3 Rb6 42.Kd4 Ke7 43.Ke3 Ra6
44.Rd1 Rc6 45.Rd2 Rc8 46.Rd1 a5 47.Rd2 Rg8 48.Kf2 Rb8 49.Ke3 Rc8 50.Rd1 f6
51.Rd2 Rc6 52.Rd4 Bf7 53.Kd2 Rb6 54.Kc2 Rd6 55.Rd1 Kd7 56.a3 Kc6 57.Re1 Rd3
58.Re7 Bd5 59.Ra7 Be4 60.Ra6+ Kc5 61.Rxf6 Rxg3+ 62.Nxe4+ fxe4 63.f5 Rxa3
64.Rf8 Kd4 65.f6 Ra2+ 66.Kd1 Rf2 67.f7 Ke3 68.Ke1 a4 69.Kd1 a3 70.Ra8 Rxf7
71.Rxa3+ Kf2 72.Rc3 e3 73.Rxc4 Kf1  0-1

[Event "11th Aeroflot Open B"]
[Site "Moscow RUS"]
[Date "2012.02.14"]
[Round "8"]
[White "Wei Yi"]
[Black "Lalith,B"]
[Result "0-1"]
[WhiteElo "2331"]
[BlackElo "2484"]

1.e4 c6 2.d4 d5 3.Nd2 dxe4 4.Nxe4 Bf5 5.Ng3 Bg6 6.h4 h6 7.Nf3 Nd7 8.h5 Bh7
9.Bd3 Bxd3 10.Qxd3 e6 11.Bd2 Ngf6 12.O-O-O Be7 13.Ne4 Qb6 14.Kb1 Rd8 15.c4 O-O
16.Nxf6+ Nxf6 17.Qe2 c5 18.Bc3 Rfe8 19.dxc5 Qxc5 20.Ne5 a6 21.a3 Qc7 22.g4 Nd7
23.f4 Nxe5 24.Bxe5 Qc6 25.Rhe1 Rc8 26.Rc1 Red8 27.Qe4 Rd2 28.Re2 Qxe4+ 29.Rxe4 Rg2
30.Rd1 b6 31.Rd7 Bc5 32.b4 Bg1 33.f5 exf5 34.gxf5 Re8 35.Re1 Bf2 36.Re2 Rg1+
37.Kc2 Bg3 38.Rd5 f6 39.Bxg3 Rxe2+ 40.Kd3 Re8 41.Bc7 b5 42.cxb5 Rd1+ 43.Kc4 Rc1+
44.Kb3 axb5 45.Bb6 Re5 46.Rc5 Rf1  0-1

[Event "11th Aeroflot Open B"]
[Site "Moscow RUS"]
[Date "2012.02.15"]
[Round "9"]
[White "Wei Yi"]
[Black "Pavlov,S2"]
[Result "1-0"]
[WhiteElo "2331"]
[BlackElo "2477"]

1.e4 c5 2.Nf3 e6 3.d4 cxd4 4.Nxd4 a6 5.Bd3 Nf6 6.O-O e5 7.Bg5 h6 8.Bxf6 Qxf6
9.Nf5 g6 10.Ne3 Bc5 11.b4 Ba7 12.Na3 d6 13.Nac4 Nc6 14.c3 O-O 15.Qd2 Ne7
16.Be2 Rd8 17.Rad1 Be6 18.Nxd6 Nc8 19.Nd5 Bxd5 20.Nxc8 Raxc8 21.exd5 h5 22.c4 Bd4
23.Kh1 b5 24.Rc1 e4 25.cxb5 Rxc1 26.Qxc1 axb5 27.Bxb5 Rxd5 28.Bc6 Rf5 29.Bxe4 Rxf2
30.Bd3 h4 31.Qe1 h3 32.Rxf2 Bxf2 33.Qf1 Qd4 34.Bc4 Kg7 35.a3 f5 36.gxh3 Qe4+
37.Qg2 Qxc4 38.Qxf2 Qc1+ 39.Kg2 Qxa3 40.Qd4+ Kf7 41.h4 Qb3 42.Kf2 Qa3 43.Qd7+ Kf6
44.Qd6+ Kf7 45.Qd7+ Kf6 46.Qc6+ Kf7 47.Qc4+ Kf6 48.Qc6+ Kf7 49.b5 f4 50.Qc4+ Kg7
51.Qd4+ Kh7 52.b6 Qa2+ 53.Kf3 Qxh2 54.Qxf4 Qh3+ 55.Kf2 Qb3 56.Qc7+ Kh6 57.b7 Qb2+
58.Kf3 Qb3+ 59.Kf4 Qb4+ 60.Ke5 Qb5+ 61.Ke6 Qf5+ 62.Ke7 Qe4+ 63.Kf8  1-0

[Event "Asian Continental 2012"]
[Site "Ho Chi Minh City VIE"]
[Date "2012.05.05"]
[Round "1.19"]
[White "Ju Wenjun"]
[Black "Wei Yi"]
[Result "1/2-1/2"]
[WhiteElo "2529"]
[BlackElo "2376"]

1.d4 d5 2.c4 e6 3.Nf3 Nf6 4.g3 Be7 5.Bg2 O-O 6.O-O dxc4 7.Qc2 b5 8.a4 b4
9.Nfd2 c6 10.Nxc4 Qxd4 11.Rd1 Qc5 12.Be3 Qh5 13.Nbd2 Ng4 14.Nf3 Nxe3 15.Nxe3 a5
16.Nd4 Ra7 17.Rac1 Ba6 18.Bf3 Qe5 19.Nxc6 Nxc6 20.Qxc6 Qb8 21.Nc4 Rc8 22.Qb6 Qxb6
23.Nxb6 Rxc1 24.Rxc1 Bd8 25.Nc4 Bxc4 26.Rxc4 Rc7 27.Rxc7 Bxc7 28.e3 b3 29.Bd1 Be5
30.Bxb3 Bxb2 31.Kg2  1/2-1/2

[Event "Asian Continental 2012"]
[Site "Ho Chi Minh City VIE"]
[Date "2012.05.06"]
[Round "2.24"]
[White "Wei Yi"]
[Black "Torre,E"]
[Result "1-0"]
[WhiteElo "2376"]
[BlackElo "2496"]

1.e4 b6 2.d4 Bb7 3.Bd3 Nf6 4.Nd2 e6 5.Ne2 c5 6.O-O cxd4 7.Nxd4 d6 8.b3 Nbd7
9.Bb2 a6 10.Qe2 Nc5 11.f4 Nxd3 12.cxd3 Be7 13.g4 O-O 14.g5 Nd7 15.Qh5 g6
16.Qh6 e5 17.Rf3 Re8 18.Rh3 Nf8 19.Nf5 gxf5 20.exf5 Bxg5 21.fxg5 Qd7 22.f6 Qg4+
23.Rg3 Qxg3+ 24.hxg3 Ne6 25.Kf2 Rac8 26.Ne4 Rc2+ 27.Ke3  1-0

[Event "Asian Continental 2012"]
[Site "Ho Chi Minh City VIE"]
[Date "2012.05.07"]
[Round "3.12"]
[White "Vidit,S"]
[Black "Wei Yi"]
[Result "1/2-1/2"]
[WhiteElo "2528"]
[BlackElo "2376"]

1.d4 d5 2.c4 e6 3.Nf3 Nf6 4.g3 Be7 5.Bg2 O-O 6.O-O dxc4 7.Qc2 b5 8.a4 b4
9.Nbd2 Bb7 10.Nxc4 Be4 11.Qb3 Bd5 12.Rd1 c5 13.Be3 Nc6 14.dxc5 Na5 15.Nxa5 Qxa5
16.Qc2 Rac8 17.Rdc1 Nd7 18.Nd2 Bxc5 19.Bxd5 Bxe3 20.Qxc8 Qxd5 21.Qc2 Qxd2
22.Qxd2 Bxd2 23.Rd1 Nc5 24.Rxd2 Nb3 25.Rad1 Nxd2 26.Rxd2 Rc8 27.Rd7 g6 28.Rxa7 Rc2
29.Rb7 Rxb2 30.e3 b3 31.a5 Ra2  1/2-1/2

[Event "Asian Continental 2012"]
[Site "Ho Chi Minh City VIE"]
[Date "2012.05.08"]
[Round "4.13"]
[White "Wei Yi"]
[Black "Paragua,M"]
[Result "1/2-1/2"]
[WhiteElo "2376"]
[BlackElo "2521"]

1.e4 c6 2.d4 d5 3.Nd2 dxe4 4.Nxe4 Bf5 5.Ng3 Bg6 6.h4 h6 7.Nf3 Nd7 8.h5 Bh7
9.Bd3 Bxd3 10.Qxd3 e6 11.Bd2 Ngf6 12.O-O-O Be7 13.Kb1 O-O 14.Ne4 Nxe4 15.Qxe4 Nf6
16.Qe2 Qd5 17.Ne5 c5 18.dxc5 Qe4 19.Qe3 Rfc8 20.c6 bxc6 21.Qg3 Kf8 22.f3 Qf5
23.Qh2 Nd5 24.g4 Qh7 25.Qe2 Kg8 26.Qd3 Qxd3 27.Nxd3 Rab8 28.Rhe1 Bf6 29.c4 Nc3+
30.Bxc3 Bxc3 31.Re4 c5 32.Kc2 Bd4 33.b4 a6 34.a3 f5 35.Rxe6 fxg4 36.fxg4 cxb4
37.Nxb4 Rxc4+ 38.Kd3 Rcxb4 39.axb4 Rxb4 40.Re8+ Kf7 41.Re4 Bc5 42.Rf1+ Kg8
43.Re8+ Kh7 44.Rc8 Bd6 45.Rd8 Be7 46.Rd7 Bh4 47.g5 hxg5 48.Rf8 Rf4 49.Ra8 Rf1
50.Rc7 g4 51.h6 Rd1+ 52.Ke4 Re1+ 53.Kf5 Re7 54.hxg7 Kxg7 55.Rcc8 Rf7+ 56.Kxg4 Bf6
57.Rxa6 Kg6 58.Rcc6 Rf8 59.Rc1 Kg7 60.Rg1 Bd4 61.Rg2 Rf2 62.Rg3 Be5 63.Rb3 Bf6
64.Rb7+ Kg6 65.Ra8 Bg7 66.Rg8 Rf7 67.Rb5 Kh7 68.Ra8 Bf6 69.Kh5 Bg7 70.Rg5 Rc7
71.Rga5 Rc1 72.R8a7 Rh1+ 73.Kg5 Rg1+ 74.Kf5 Rf1+ 75.Kg4 Rg1+ 76.Kf3 Rf1+
77.Kg2 Rf6 78.Kg3 Kg6 79.Ra4 Bh6 80.Kg4 Bg7 81.Kh4 Kh6 82.Rg4 Rg6 83.Ra5 Bf6+
84.Kg3 Bg5 85.Rb5 Rg8 86.Kf3 Kh5 87.Rg1 Rg7 88.Ke4 Kh6 89.Rh1+ Kg6 90.Rb6+ Kf7
91.Ke5 Be7 92.Rb7 Rg5+ 93.Kf4 Rg7 94.Rh8 Ke6 95.Rh6+ Kd5 96.Rd7+ Kc5 97.Ke4 Bf8
98.Rd5+ Kb4 99.Rb6+ Kc4 100.Rc6+ Kb4 101.Rd1 Kb5 102.Rc8 Re7+ 103.Kf5 Bg7
104.Rb1+ Ka6 105.Rc2 Re5+ 106.Kg6 Bf8 107.Ra2+ Ra5 108.Rxa5+ Kxa5 109.Kf5 Ka6
110.Ke6 Bc5 111.Kd5 Bf2 112.Rf1 Be3 113.Rf3 Bg1 114.Rb3 Ka5 115.Rb1 Bf2 116.Kc6 Be3  1/2-1/2

[Event "Asian Continental 2012"]
[Site "Ho Chi Minh City VIE"]
[Date "2012.05.10"]
[Round "6.21"]
[White "Wei Yi"]
[Black "Xiu Deshun"]
[Result "0-1"]
[WhiteElo "2376"]
[BlackElo "2494"]

1.e4 c5 2.Nf3 d6 3.d4 cxd4 4.Nxd4 Nf6 5.Nc3 a6 6.Be3 e5 7.Nb3 Be7 8.f3 Be6
9.Qd2 h5 10.Nd5 Nxd5 11.exd5 Bf5 12.Be2 O-O 13.O-O Bg6 14.c4 a5 15.Qc3 Nd7
16.Rad1 a4 17.Nd2 Bg5 18.Bf2 Qa5 19.Ne4 Bxe4 20.fxe4 Qxc3 21.bxc3 Rfc8 22.Rb1 b6
23.Rfd1 g6 24.Kf1 Bd8 25.Bd3 Nc5 26.Ke2 Kg7 27.Bc2 a3 28.Rb4 Ra5 29.Rdb1 Ra7
30.Be3 Ra5 31.Bf2 Rca8 32.Bxc5 Rxc5 33.Ba4 Ra7 34.Bc6 f5 35.Rf1 f4 36.Kd3 g5
37.Rfb1 g4 38.Be8 Kf6 39.Rxb6 Bxb6 40.Rxb6 g3 41.hxg3 Ke7 42.Bxh5 fxg3 43.Bd1 Rc8
44.Rb1 Rf8 45.Bf3 Rc7 46.Rb3 Ra8 47.Bd1 Kf6 48.Ke3 Kg5 49.Be2 Rcc8 50.c5 Rxc5
51.c4 Rcc8 52.Kd2 Kf4 53.Rf3+ Kg5 54.Rxg3+ Kf6 55.Kc1 Rg8 56.Rf3+ Ke7 57.Rf2 Kd7
58.Rf7+ Kc8 59.c5 dxc5 60.Bb5 Rb8 61.Bc6 Rb6 62.g4 Rb2 63.Ra7 Rxg4 64.Bd7+ Kb8
65.Rxa3 Rgg2 66.d6 Rxa2 67.Rb3+ Ka7 68.Kb1 Ra6 69.Rd3 c4 70.Re3 Rxd6 71.Bh3 Rd1+  0-1

[Event "Asian Continental 2012"]
[Site "Ho Chi Minh City VIE"]
[Date "2012.05.11"]
[Round "7.22"]
[White "Wei Yi"]
[Black "Sethuraman,S"]
[Result "1-0"]
[WhiteElo "2376"]
[BlackElo "2546"]

1.e4 c5 2.Nf3 e6 3.d4 cxd4 4.Nxd4 Nc6 5.Nc3 Qc7 6.Be3 a6 7.Qd2 Nf6 8.O-O-O Bb4
9.f3 O-O 10.g4 Ne5 11.g5 Nh5 12.a3 Be7 13.Nf5 Bc5 14.Bxc5 Qxc5 15.Na4 Qa7
16.Ne7+ Kh8 17.Qd6 b5 18.Nb6 Bb7 19.Nxa8 Qe3+ 20.Kb1 Qxf3 21.Bd3 Nxd3 22.cxd3 Rxa8
23.Qxd7 Rb8 24.Qc7 Qf4 25.e5  1-0

[Event "Asian Continental 2012"]
[Site "Ho Chi Minh City VIE"]
[Date "2012.05.12"]
[Round "8.22"]
[White "Zhao Jun"]
[Black "Wei Yi"]
[Result "1-0"]
[WhiteElo "2577"]
[BlackElo "2376"]

1.e4 c5 2.Nf3 d6 3.d4 Nf6 4.Nc3 cxd4 5.Nxd4 a6 6.Be3 e5 7.Nb3 Be6 8.Qd2 Be7
9.f4 exf4 10.Bxf4 Nc6 11.O-O-O Ne5 12.Nd4 O-O 13.g3 Qa5 14.Nxe6 fxe6 15.Kb1 Rac8
16.Bh3 Kf7 17.Ne2 Qxd2 18.Bxd2 Rc4 19.Nf4 Neg4 20.Rhe1 g5 21.e5 dxe5 22.Nd3 Rfc8
23.Bxg5 Rxc2 24.Nxe5+ Nxe5 25.Rxe5 R2c6 26.Rf1 h6 27.Bd2 Rd8 28.Bc3 b5 29.a3 Rdd6
30.Re2 Rd3 31.Be5 Rd5 32.Bg2 Kg6 33.Bxd5 exd5 34.Rd1 Re6 35.Ree1 Ng4 36.Bd4 Re4
37.Bc3 Rxe1 38.Rxe1 Bc5 39.Re6+ Kf5 40.Rxa6 Ke4 41.h3 Nf2 42.Rxh6 Be3 43.Re6+ Kf3
44.Rd6 Ke4 45.h4 d4 46.Bb4 d3 47.h5 Ng4 48.Bc3 Nh6 49.Re6+ Kf3 50.Re5 Ke2
51.Rxb5 Ng4 52.Rd5  1-0

[Event "Asian Continental 2012"]
[Site "Ho Chi Minh City VIE"]
[Date "2012.05.13"]
[Round "9.25"]
[White "Wei Yi"]
[Black "Goh Weiming"]
[Result "1-0"]
[WhiteElo "2376"]
[BlackElo "2426"]

1.e4 c6 2.d4 d5 3.Nd2 dxe4 4.Nxe4 Nf6 5.Nxf6+ gxf6 6.Ne2 e5 7.Be3 Be6 8.Nc3 Nd7
9.Bd3 Qc7 10.Qf3 exd4 11.Bxd4 Ne5 12.Qxf6 Nxd3+ 13.cxd3 Rg8 14.Be5 Qa5 15.d4 Rg6
16.Qh4 Rxg2 17.Bg3 Ba3 18.Ke2 Qf5 19.bxa3 Bc4+ 20.Ke1 Kd7 21.Qf4 Re8+ 22.Kd1 Qa5
23.Qd6+ Kc8 24.Qb8+  1-0

[Event "TCh-CHN 2012"]
[Site "Tianjin CHN"]
[Date "2012.07.13"]
[Round "9"]
[White "Wei Yi"]
[Black "Gao Rui"]
[Result "1-0"]
[WhiteElo "2371"]
[BlackElo "2417"]

1.e4 c5 2.Nf3 d6 3.d4 cxd4 4.Nxd4 Nf6 5.Nc3 a6 6.Be3 e5 7.Nb3 Be7 8.Be2 Be6
9.Nd5 Nxd5 10.exd5 Bf5 11.O-O O-O 12.Qd2 Nd7 13.Na5 Qc7 14.c4 Bg6 15.b4 Rfe8
16.c5 Nf6 17.c6 bxc6 18.Nxc6 Ne4 19.Qb2 f5 20.Rac1 Bf6 21.f3 f4 22.fxe4 fxe3
23.Qb1 Qb6 24.a4 Bg5 25.Qd3 Qb7 26.g3 h5 27.h4 Bh6 28.Rf3 Rf8 29.Rcf1 Rxf3
30.Rxf3 Kh7 31.a5 Be8 32.Qc4 Bg6 33.Qd3 Be8 34.Qc4 Bg6 35.Kg2 Qd7 36.Rf1 Kg8
37.Qc2 Kh7 38.Qc4 Kg8 39.Qc2 Kh7 40.Rf3 Kg8 41.Qd3 Kh7 42.Rxe3 Bxe3 43.Qxe3 Qf7
44.Bd3 Qd7 45.Qg5 Re8 46.g4 Qf7 47.gxh5 Bxh5 48.Qf5+ Qxf5 49.exf5 e4 50.Bxa6 e3
51.Kf1 e2+ 52.Ke1 Re4 53.Bd3 Rxh4 54.Kd2 Bf3 55.f6+ g6 56.a6 Rh1 57.Bxe2 Bxd5
58.b5 Rh2 59.a7  1-0

[Event "TCh-CHN 2012"]
[Site "Tianjin CHN"]
[Date "2012.07.14"]
[Round "10"]
[White "Akopian,Vl"]
[Black "Wei Yi"]
[Result "1-0"]
[WhiteElo "2684"]
[BlackElo "2371"]

1.c4 e6 2.Nc3 Nf6 3.e4 d5 4.e5 d4 5.exf6 dxc3 6.bxc3 Qxf6 7.Nf3 e5 8.Bd3 Bd6
9.O-O O-O 10.Be4 c6 11.d4 h6 12.dxe5 Bxe5 13.Nxe5 Qxe5 14.Ba3 c5 15.Qd5 Qxc3
16.Bxc5 Re8 17.Bd4 Qa3 18.Rfe1 Qa4 19.Re3 Be6 20.Qe5 f6 21.Qb5 Qxb5 22.cxb5 Re7
23.Bd5  1-0

[Event "zt 3.5 China Men 2012"]
[Site "Beijing CHN"]
[Date "2012.09.15"]
[Round "2.2"]
[White "Xiu Deshun"]
[Black "Wei Yi"]
[Result "1/2-1/2"]
[WhiteElo "2524"]
[BlackElo "2453"]

1.d4 Nf6 2.c4 e6 3.Nf3 d5 4.Nc3 Bb4 5.cxd5 exd5 6.Bg5 Nbd7 7.Qc2 O-O 8.g3 h6
9.Bf4 c5 10.Bg2 Qa5 11.O-O c4 12.Nd2 Re8 13.Nxd5 Nxd5 14.Nxc4 Qb5 15.Qb3 Nxf4
16.gxf4 Rxe2 17.a4 Nc5 18.dxc5 Qxc5 19.Rac1 Qf8 20.Qd3 Re8 21.Ne3 Qd6 22.Qb5 Qf8
23.Nd5 Bd6 24.Nc7 Bxc7 25.Rxc7 Re7 26.Qc5 Rxc7 27.Qxc7 Qb4 28.Qd8+ Qf8 29.Qc7 Qb4
30.Rc1 Be6 31.Qxb7 Rb8 32.Qxa7 Qxf4 33.Ra1 Rxb2 34.a5 Qf6 35.Re1 Ra2 36.a6 Qc3
37.Qb8+ Kh7 38.Be4+ f5 39.Qb1 Ra5 40.a7 fxe4 41.Qxe4+ Bf5 42.a8=Q Rxa8 43.Qxf5+ Kh8
44.Qe5 Qf3 45.Qe4 Qxe4  1/2-1/2

[Event "zt 3.5 China Men 2012"]
[Site "Beijing CHN"]
[Date "2012.09.16"]
[Round "3.6"]
[White "Wei Yi"]
[Black "Bai,Jinshi"]
[Result "1-0"]
[WhiteElo "2453"]
[BlackElo "2250"]

1.e4 e5 2.Nf3 Nc6 3.Bb5 a6 4.Ba4 Nf6 5.O-O Nxe4 6.d4 b5 7.Bb3 d5 8.dxe5 Be6
9.Nbd2 Be7 10.c3 Nc5 11.Bc2 d4 12.Nb3 d3 13.Bb1 Nxb3 14.axb3 Bf5 15.Be3 O-O
16.Bd4 Qd5 17.Re1 d2 18.Re2 Bxb1 19.Rxb1 Nxd4 20.Nxd4 Bg5 21.g3 c5 22.Nf5 Qd3
23.Nd6 Qg6 24.h4 Bxh4 25.Rxd2 Rfd8 26.Ra1 Be7 27.Rxa6 Qe6 28.Rxa8 Rxa8 29.Nxb5 Qxe5
30.Na3 Rb8 31.Nc4 Qf6 32.Rd7 Qe6 33.Rd5 Bf8 34.Ne5 Be7 35.Nd7 Rc8 36.Ne5 f6
37.Nc4 Rb8 38.Rd7 Bf8 39.Rc7 Kh8 40.Kg2 Qe4+ 41.Kg1 Qe6 42.Qd3 Kg8 43.Nd2 Kh8
44.Ne4 Qb6 45.Rf7 Kg8 46.Qd5 Qxb3 47.c4 Kh8 48.Nxc5 Bxc5 49.Qxc5 h6 50.Rf8+ Rxf8
51.Qxf8+ Kh7 52.Qc5 Qxb2 53.Qd5 Qe2 54.c5 h5 55.c6 h4 56.gxh4 Qg4+ 57.Kf1 Qxh4
58.Qd3+ Kh6 59.c7 Qh1+ 60.Ke2 Qh5+ 61.Ke1 Qg4 62.Qd2+ g5 63.Qc3 Qe4+ 64.Kd2 Qd5+
65.Kc1 Qh1+ 66.Kb2 Qb7+ 67.Ka3 Qa6+ 68.Kb3 Qb5+ 69.Ka3 Qa6+ 70.Kb4 Qb6+ 71.Ka4 Qa6+
72.Qa5 Qc4+ 73.Ka3 Qd3+ 74.Kb4 Qe4+ 75.Kb5 Qd3+ 76.Kb6 Qb3+ 77.Ka7 Qc4 78.Qb6 Qa4+
79.Kb8 Qf4 80.Qc5 Kg6 81.f3 Kh5 82.Kb7 Qxf3+ 83.Ka7  1-0

[Event "zt 3.5 China Men 2012"]
[Site "Beijing CHN"]
[Date "2012.09.16"]
[Round "4.2"]
[White "Wan Yunguo"]
[Black "Wei Yi"]
[Result "1-0"]
[WhiteElo "2474"]
[BlackElo "2453"]

1.e4 c5 2.Nf3 d6 3.d4 cxd4 4.Nxd4 Nf6 5.Nc3 a6 6.Be3 e5 7.Nb3 Be7 8.h3 Be6
9.Qf3 Nbd7 10.g4 Nb6 11.O-O-O Nfd7 12.Kb1 Rc8 13.Nd5 Bxd5 14.exd5 Qc7 15.Bd3 Nc4
16.h4 a5 17.a3 b5 18.Nc1 O-O 19.g5 f5 20.gxf6 Nxf6 21.Rhg1 Kh8 22.h5 e4 23.Qg2 Rf7
24.Bxe4 b4 25.Bg6 hxg6 26.hxg6 Nxa3+ 27.Ka2 Qxc2 28.Nb3 a4 29.Nd4 Qc4+ 30.Ka1 Nc2+
31.Nxc2 a3 32.Nxb4 Ra8 33.Qh3+ Kg8 34.Rd4 Qb3 35.gxf7+ Kxf7 36.Rxg7+ Ke8
37.Rxe7+ Kxe7 38.Qe6+ Kd8 39.Qxf6+ Kc8 40.Qf8+ Kd7 41.Qf7+ Kd8 42.Nc6+ Kc8
43.Qe8+ Kc7 44.Qe7+  1-0

[Event "zt 3.5 China Men 2012"]
[Site "Beijing CHN"]
[Date "2012.09.17"]
[Round "5.5"]
[White "Wei Yi"]
[Black "Yu Lie"]
[Result "1/2-1/2"]
[WhiteElo "2453"]
[BlackElo "2406"]

1.e4 e6 2.d4 d5 3.Nd2 Nf6 4.e5 Nfd7 5.f4 c5 6.Ngf3 b6 7.c3 Be7 8.g3 Ba6 9.Bxa6 Nxa6
10.Qe2 Nab8 11.O-O Qc7 12.Rd1 cxd4 13.cxd4 Qc2 14.Kf2 Nc6 15.Nf1 Qxe2+ 16.Kxe2 Rc8
17.Ne3 f6 18.b3 fxe5 19.dxe5 Kf7 20.Bb2 Nc5 21.f5 Rhd8 22.Rac1 a5 23.g4 a4
24.fxe6+ Nxe6 25.bxa4 Bc5 26.Nf5 Ra8 27.N3d4 Ncxd4+ 28.Nxd4 Nxd4+ 29.Bxd4 Rxa4
30.Bxc5 Rxa2+ 31.Rd2 Rxd2+ 32.Kxd2 bxc5 33.Rxc5 Ke6 34.Kd3 Kxe5 35.Rc7 Ra8
36.Rxg7 Ra3+ 37.Kd2 Ra2+ 38.Ke3 d4+ 39.Kd3 Ra3+ 40.Kd2 Ra2+ 41.Kd3 Ra3+ 42.Kd2 Rh3
43.Rg5+ Kf4 44.Rd5 Rxh2+ 45.Kd3 Rh3+ 46.Kxd4 Kxg4 47.Ke4 h5 48.Rd8 Rg3 49.Rg8+ Kh3
50.Rh8 Kg4 51.Rg8+ Kh3 52.Rh8 h4 53.Kf4 Ra3 54.Rh7 Ra8 55.Kf3 Rf8+ 56.Ke2 Rf4
57.Rg7 Kh2 58.Rg8 h3 59.Rg7 Ra4 60.Kf2 Ra2+ 61.Kf1 Ra1+ 62.Kf2 Ra2+ 63.Kf1 Rg2
64.Rf7 Rg4 65.Rf2+ Rg2 66.Rf3 Rg1+ 67.Kf2 Rg5 68.Rf8 Rg2+ 69.Kf1 Kg3 70.Rg8+ Kh2
71.Rf8 Rg1+ 72.Kf2 Ra1 73.Rg8 Ra2+ 74.Kf1 Rg2 75.Rf8 Rg5 76.Rf2+ Kg3 77.Kg1 Ra5
78.Rg2+ hxg2  1/2-1/2

[Event "zt 3.5 China Men 2012"]
[Site "Beijing CHN"]
[Date "2012.09.17"]
[Round "6.7"]
[White "Chu Wei Chao"]
[Black "Wei Yi"]
[Result "1/2-1/2"]
[WhiteElo "2181"]
[BlackElo "2453"]

1.d4 Nf6 2.c4 e6 3.Nf3 d5 4.g3 dxc4 5.Bg2 Nc6 6.O-O Rb8 7.e3 b5 8.Qe2 Be7
9.Rd1 O-O 10.b3 cxb3 11.axb3 a6 12.Bb2 Bb7 13.e4 Nb4 14.Nc3 c6 15.Ne5 Qc7
16.Rac1 Rbd8 17.Nd3 Nxd3 18.Rxd3 Nd7 19.e5 c5 20.Bxb7 Qxb7 21.d5 b4 22.Na4 exd5
23.e6 Nf6 24.Nxc5 Bxc5 25.Bxf6 Bxf2+ 26.Kg2 Rd6 27.Bxg7 Rxe6 28.Qxf2 Kxg7
29.Qd4+ Kg8 30.Qxd5 Re2+ 31.Kh3 Qxd5 32.Rxd5 Re3 33.Rg5+ Kh8 34.Rc6 Rxb3
35.Rxa6 Rb8 36.Rf5 Ra3 37.Rxa3 bxa3 38.Ra5 Rb3 39.Kg4 Kg7 40.Ra6 Rb4+ 41.Kh3 Rb3
42.Kg4 Rb2 43.Rxa3 Rxh2 44.Ra6 Rh6 45.Ra4 Rb6 46.Kf3 Rb5 47.Ra6 Rg5 48.Rb6 Rf5+
49.Kg4 Rf6 50.Rb5 Rg6+ 51.Kf4 Ra6 52.Rb4 Kg6 53.Kg4 Rc6 54.Kf4 h5 55.Kf3 Rf6+
56.Kg2 Kg5 57.Kh3 Rf3 58.Rb5+ Rf5 59.Rxf5+ Kxf5 60.Kh4 Kg6 61.g4 hxg4 62.Kxg4 Kf6
63.Kf4 Ke6 64.Ke4 f5+ 65.Kf4 Kf6 66.Kf3 Ke5 67.Ke3 f4+ 68.Kf3 Kf5 69.Kf2 Ke4
70.Ke2 f3+ 71.Kf2 Kf4 72.Kf1 Ke3 73.Ke1 f2+ 74.Kf1 Kf3  1/2-1/2

[Event "zt 3.5 China Men 2012"]
[Site "Beijing CHN"]
[Date "2012.09.18"]
[Round "7.7"]
[White "Wei Yi"]
[Black "Xu,Yinglun"]
[Result "1/2-1/2"]
[WhiteElo "2453"]
[BlackElo "2281"]

1.e4 c5 2.Nf3 d6 3.d4 cxd4 4.Nxd4 Nf6 5.Nc3 e6 6.g4 a6 7.g5 Nfd7 8.Be3 b5
9.a3 Bb7 10.h4 Nc6 11.Nxc6 Bxc6 12.h5 Rb8 13.Rh3 Ne5 14.b3 Bb7 15.f4 Nd7
16.Bg2 Rc8 17.Qd2 Qa5 18.b4 Qc7 19.Bf2 Be7 20.Kf1 h6 21.Kg1 hxg5 22.fxg5 Ne5
23.Bd4 Qd8 24.h6 gxh6 25.gxh6 Bg5 26.Be3 Qb6 27.h7 Bxe3+ 28.Qxe3 Qxe3+ 29.Rxe3 Rxh7
30.a4 bxa4 31.Rxa4 Rg7 32.Kf1 Rc4 33.Rh3 Ke7 34.Kf2 Nc6 35.b5 axb5 36.Rxc4 bxc4
37.Bf1 Ne5 38.Ke3 f5 39.exf5 exf5 40.Be2 Ke6 41.Rh6+ Rg6 42.Rxg6+ Nxg6 43.Bxc4+ Ke5
44.Bd3 f4+ 45.Kf2 Nh4 46.Na4 Nf3 47.Nb6 Ng5 48.Nc4+ Ke6 49.Nd2 Kd5 50.c3 Ke5
51.Nc4+ Ke6 52.Nd2 d5 53.Ke1 Ke5 54.Ke2 Bc8 55.Nf3+ Nxf3 56.Kxf3 Bf5 57.Ba6 Be4+
58.Kf2 Kd6 59.Ke2 Kc5 60.Kd2 Bg2 61.Bd3 Kb6 62.Bc2 Kc5 63.Bd3 Kb6 64.Bc2 Kb5
65.Bb3 Kc5 66.Ke2  1/2-1/2

[Event "zt 3.5 China Men 2012"]
[Site "Beijing CHN"]
[Date "2012.09.18"]
[Round "8.6"]
[White "Ma,Zhonghan"]
[Black "Wei Yi"]
[Result "1/2-1/2"]
[WhiteElo "2336"]
[BlackElo "2453"]

1.d4 Nf6 2.c4 e6 3.Nf3 d5 4.Nc3 Bb4 5.Bg5 Nbd7 6.e3 c5 7.cxd5 exd5 8.Be2 Qa5
9.O-O c4 10.Qc2 Bxc3 11.bxc3 Ne4 12.Rfc1 Nb6 13.Bf4 O-O 14.Ng5 Nxg5 15.Bxg5 Re8
16.Bf4 Bd7 17.Rab1 Bc6 18.Bg4 Na4 19.Bf5 g6 20.Bg4 b5 21.Qd2 Qd8 22.Bd1 Nb6
23.Qb2 h5 24.h3 Re6 25.Qa3 a5 26.Bc2 Nd7 27.Re1  1/2-1/2

[Event "zt 3.5 China Men 2012"]
[Site "Beijing CHN"]
[Date "2012.09.19"]
[Round "10.4"]
[White "Lu Shanglei"]
[Black "Wei Yi"]
[Result "0-1"]
[WhiteElo "2542"]
[BlackElo "2453"]

1.e4 c5 2.Nf3 d6 3.d4 cxd4 4.Nxd4 Nf6 5.Nc3 a6 6.Bg5 e6 7.f4 h6 8.Bh4 Qb6
9.Qd2 Qxb2 10.Rb1 Qa3 11.f5 Be7 12.fxe6 fxe6 13.Bc4 Nxe4 14.Nxe4 Bxh4+ 15.g3 Bg5
16.Nxg5 hxg5 17.Rb3 Qc5 18.Rc3 Nc6 19.Nxc6 bxc6 20.Rf1 Rb8 21.Bb3 Qe5+ 22.Kd1 Rb4
23.Kc1 Re4 24.Kb1 Re2 25.Qd1 Rf8 26.Rg1 Bd7 27.Rd3 d5 28.h4 g4 29.Qc1 c5
30.Rgd1 Rff2  0-1

[Event "zt 3.5 China Men 2012"]
[Site "Beijing CHN"]
[Date "2012.09.20"]
[Round "11.2"]
[White "Lou Yiping"]
[Black "Wei Yi"]
[Result "1/2-1/2"]
[WhiteElo "2412"]
[BlackElo "2453"]

1.d4 Nf6 2.c4 e6 3.Nc3 Bb4 4.Qc2 O-O 5.Nf3 c5 6.dxc5 Na6 7.Bd2 Nxc5 8.a3 Bxc3
9.Bxc3 Nce4 10.Bxf6 Nxf6 11.e3 b6 12.Be2 Bb7 13.O-O Qe7 14.Rfd1 Rfd8 15.Rac1 d6
16.Nd4 Rac8 17.Qa4 a6 18.Bf3 Bxf3 19.Nxf3 Qb7 20.Qb4 Qc7 21.Qe1 Qb7 22.Qe2 h6
23.h3 Rd7 24.Rc2 Ne4 25.Nd4 Nf6 26.Nf3  1/2-1/2

[Event "TCh-CHN 2012"]
[Site "Hangzhou CHN"]
[Date "2012.09.22"]
[Round "11"]
[White "Wei Yi"]
[Black "Yu Yangyi"]
[Result "0-1"]
[WhiteElo "2371"]
[BlackElo "2615"]

1.e4 c5 2.Nf3 Nc6 3.Nc3 d6 4.Bc4 Nf6 5.d4 cxd4 6.Nxd4 Bd7 7.f3 Qb6 8.Nb3 e6
9.Bf4 Ne5 10.Be2 Be7 11.Qd2 O-O 12.g4 Qc7 13.h4 b5 14.Bxe5 dxe5 15.Nxb5 Qb6
16.Nc3 Rfd8 17.Bd3 a5 18.Qf2 Qc7 19.a4 Rab8 20.Nb5 Bxb5 21.Bxb5 h5 22.g5 Nh7
23.O-O Nf8 24.c4 Nd7 25.f4 Nc5 26.fxe5 Bf8 27.Nxa5 Nd3 28.Qxf7+ Qxf7 29.Rxf7 Bc5+
30.Kh2 Kxf7 31.Nc6 Nxb2 32.Rf1+ Kg6 33.Nxb8 Rxb8 34.Rf3 Rd8 35.a5 Nd3 36.a6 Nxe5
37.Rf1 Ng4+ 38.Kg3 Rd3+ 39.Rf3 Bd6+ 40.Kg2 Rd2+ 41.Kh1 Bc5  0-1

[Event "TCh-CHN 2012"]
[Site "Hangzhou CHN"]
[Date "2012.10.08"]
[Round "17"]
[White "Wei Yi"]
[Black "Mu Ke"]
[Result "1-0"]
[WhiteElo "2371"]
[BlackElo "2286"]

1.e4 e6 2.d4 d5 3.Nd2 Nf6 4.e5 Nfd7 5.f4 c5 6.Ngf3 Nc6 7.Nb3 a5 8.a4 Qb6
9.dxc5 Nxc5 10.Be3 Qb4+ 11.Nfd2 Nxb3 12.c3 Qe7 13.Nxb3 f6 14.Bb5 fxe5 15.O-O e4
16.f5 g6 17.Nd4 Qd6 18.fxe6 Be7 19.Nf5 gxf5 20.Qh5+ Kd8 21.Bb6+ Qc7 22.Bxc7+ Kxc7
23.Qxf5 Re8 24.Qxd5 Bxe6 25.Qxe4 Bc5+ 26.Kh1 Bd7 27.Qf4+ Kb6 28.b4  1-0

[Event "2nd Indonesia Open"]
[Site "Jakarta INA"]
[Date "2012.10.11"]
[Round "1.36"]
[White "Fahmi,J"]
[Black "Wei Yi"]
[Result "0-1"]
[WhiteElo "2184"]
[BlackElo "2454"]

1.d4 Nf6 2.Nf3 e6 3.Bg5 h6 4.Bh4 b6 5.e3 Bb7 6.Bd3 d6 7.O-O Nbd7 8.c4 Be7
9.Nc3 g5 10.Bg3 h5 11.h4 gxh4 12.Bxh4 Rg8 13.e4 Ng4 14.Bxe7 Qxe7 15.Re1 O-O-O
16.b4 Rg7 17.c5 dxc5 18.bxc5 Nxc5 19.Bf1 Kb8 20.Rc1 Qf6 21.Nd5 exd5 22.e5 Qf4
23.dxc5 Rdg8 24.c6 Bc8 25.Qxd5 h4 26.Rc4 Qh6 27.Qd2 Qxd2 28.Nxd2 h3 29.f3 hxg2
30.Bd3 Rh8  0-1

[Event "2nd Indonesia Open"]
[Site "Jakarta INA"]
[Date "2012.10.12"]
[Round "2.6"]
[White "Wei Yi"]
[Black "Ganguly,S"]
[Result "0-1"]
[WhiteElo "2454"]
[BlackElo "2610"]

1.e4 e5 2.Nf3 Nc6 3.Bc4 Bc5 4.c3 Nf6 5.d4 exd4 6.cxd4 Bb4+ 7.Bd2 Bxd2+ 8.Nbxd2 d5
9.exd5 Nxd5 10.O-O O-O 11.Rc1 Bg4 12.h3 Bh5 13.Re1 Rb8 14.Nb3 Nf4 15.Bf1 Nb4
16.a3 Nbd5 17.g3 Ne6 18.Re5 Bxf3 19.Qxf3 c6 20.Bc4 Nec7 21.Rce1 b6 22.Bd3 Qd7
23.Qh5 h6 24.Qh4 Rbd8 25.Nd2 Nf6 26.Nf3 Ne6 27.Rd1 Qc7 28.Rf5 Qe7 29.Bc2 Rd6
30.Ne5 Rfd8 31.Ng4 Nd5 32.Qh5 g6 33.Nxh6+ Kg7 34.Qf3 Kxh6 35.Rxf7 Ng5  0-1

[Event "2nd Indonesia Open"]
[Site "Jakarta INA"]
[Date "2012.10.12"]
[Round "3.25"]
[White "Surya,W"]
[Black "Wei Yi"]
[Result "0-1"]
[WhiteElo "2293"]
[BlackElo "2454"]

1.d4 Nf6 2.Nf3 d5 3.c4 e6 4.Nc3 Bb4 5.Qb3 c5 6.a3 Ba5 7.e3 Nc6 8.dxc5 O-O
9.Bd2 d4 10.exd4 Nxd4 11.Qd1 e5 12.b4 Bc7 13.Be3 a5 14.Rc1 Bg4 15.Be2 Nxe2
16.Qxd8 Rfxd8 17.Nxe2 axb4 18.axb4 Ra4 19.Rb1 Ra2 20.Nc3 Rc2 21.Nb5 Bb8 22.O-O Rxc4
23.Rfc1 Rxc1+ 24.Rxc1 Nd5 25.Rd1 Rd7 26.Ra1 Rd8 27.Rd1 f6 28.Nc3 Be6 29.b5 Bc7
30.Nxd5 Rxd5 31.Ra1 Bd8 32.h3 Be7 33.Ra8+ Kf7 34.c6 Rxb5 35.c7 Rb1+ 36.Kh2 e4
37.Nd2 Rc1 38.Bf4 g5 39.Bg3 f5 40.Be5 Bf6 41.Bd6 Rc6 42.Rf8+ Kg7 43.Bg3  0-1